| 000 | 00662nam a2200229 a 4500 | ||
|---|---|---|---|
| 008 | 960514s1981||||[C 0 slo c | ||
| 020 |
_c13 Kčs. _q(15 000 výtl.) |
||
| 040 |
_aSNK _bslo _cSNK _eAACR2 |
||
| 041 | 1 | _aslo | |
| 044 |
_axo _cSK |
||
| 080 | _a786.2.087.5 | ||
| 100 | 1 |
_aCzerny, Carl _4aut |
|
| 245 | 1 | 0 |
_aPrvé cvičenia pre klavír, op. 599 _hHudobnina _cCarl Czerny ; A. Pappová |
| 250 | _a15., vyd. | ||
| 260 |
_aBratislava _bOpus [vyd.] _c1981 _eTrnava _fPolygrafické závody |
||
| 300 |
_a56 s. _c30 cm |
||
| 500 | _aV Opuse 3. vyd. | ||
| 500 | _aRevízia A. Pappová. | ||
| 700 | 1 |
_aPappová, A. _4oth |
|
| 924 | _aklavír | ||
| 958 | _aH | ||
| 999 |
_c15189 _d15189 |
||